Catch the spirit of love. (Record no. 5780)

000 -LEADER
fixed length control field 00609nam a2200193 a 4500
001 - CONTROL NUMBER
control field :::00003522$&:&@@
003 - CONTROL NUMBER IDENTIFIER
control field OkBaRHE
005 - DATE AND TIME OF LATEST TRANSACTION
control field 20000607103306.0
008 - FIXED-LENGTH DATA ELEMENTS--GENERAL INFORMATION
fixed length control field s1986 j 000 0 eng u
040 ## - CATALOGING SOURCE
Transcribing agency
100 1# - MAIN ENTRY--PERSONAL NAME
Personal name Sweeting, George, 1924-
245 10 - TITLE STATEMENT
Title Catch the spirit of love.
260 ## - PUBLICATION, DISTRIBUTION, ETC. (IMPRINT)
Place of publication, distribution, etc Wheaton, IL., :
Name of publisher, distributor, etc Victor Books
Date of publication, distribution, etc 1986
300 ## - PHYSICAL DESCRIPTION
Extent 119 p. ;
Dimensions 21 cm.
650 ## - SUBJECT ADDED ENTRY--TOPICAL TERM
Topical term or geographic name as entry element Bible New Testament I Corinthians
General subdivision Meditations
650 ## - SUBJECT ADDED ENTRY--TOPICAL TERM
Topical term or geographic name as entry element Love (Theology)
General subdivision Meditations
942 ## - ADDED ENTRY ELEMENTS (KOHA)
Source of classification or shelving scheme
Koha item type Books
Copies
Not for loan Damaged status Full call number Date last seen Source of classification or shelving scheme Lost status Shelving location Price effective from Date acquired Koha item type Permanent Location Barcode Copy number Withdrawn status
  BS 2675.4 .S942018-04-03  General Stacks2010-04-142010-04-14BooksRHEMA Bible Training College35221